| 000 | 00764nam a22002057a 4500 | ||
|---|---|---|---|
| 008 | 160806b xxu||||| |||| 00| 0 eng d | ||
| 020 | _a0131971026 | ||
| 082 |
_22006 _aDC 658.00285 _bR29q |
||
| 100 |
_912410 _aRender, Barry |
||
| 245 |
_aQuantitative analysis for management/ _cBarry Render, Ralph M. Stair, Jr. and Michael E. Hanna. |
||
| 250 | _a9th edition | ||
| 260 |
_aUpper Saddle River, New Jersey: _bPearson/Prentice Hall, _cc2006. |
||
| 300 |
_axix, 731 pages: _billustrations; _c25 cm. |
||
| 500 | _aIncludes bibliographical references, appendices and index. | ||
| 650 | 0 |
_912411 _aOperations research |
|
| 650 | 0 |
_912412 _aManagement |
|
| 700 |
_912413 _aStair, Ralph M. _eAuthor |
||
| 700 |
_912414 _aHanna, Michael E. _eAuthor |
||
| 942 |
_2ddc _cDC |
||
| 999 |
_c3727 _d3727 |
||